00485 2200193 4500001002100000008004100021035002000062245005100082100001900133250000600152260003900158300001200197020002200209084001400231082000800245650001400253990001200267990001200279INLIS000000000001251 ind  a0010-0524000486 aPedoman Usaha Kesehatan SekolahcRohmat Kurnia aKurnia, Rohmat a1 aJakarta :bBee Media Pustakac2017 a180 hlm a978-602-6227-81-2 a600 ROH p a600 aNon Fiksi a0747650 a0747651